| 000 | 00750nam a2200181Ia 4500 | ||
|---|---|---|---|
| 008 | 100921s9999 xx 000 0 und d | ||
| 082 |
_b27622 _a923.2 थ 94 |
||
| 100 | _aकर्णिक मधु मंगेश. | ||
| 245 | _aदूत पर्जन्याचा-वसंतराव नाईक. | ||
| 260 |
_b--- _c1994 |
||
| 300 |
_a157 _b--- |
||
| 365 | _b60 | ||
| 520 | _aचरित्रे-राजकारणी व्यिक्त. | ||
| 630 | _aदूत पर्जन्याचा-वसंतराव नाईक. | ||
| 650 | _aचरित्रे-राजकारणी व्यिक्त. | ||
| 730 | _aदूत पर्जन्याचा-वसंतराव नाईक. | ||
| 942 | _cBOOK | ||
| 999 |
_c776735 _d776732 |
||